00487nam a2200169Ia 4500003000900000008004100009020001800050040001600068080001800084100001700102245008200119260003600201300001300237650002500250650002000275650002200295IN-BaIIA211028s9999 xx 000 0 eng d a1-56881-012-1 cIIA Library a524.3-54bHAR aHarpaz, Amos 0aStellar evolutioncAmos Harpaz  aMassachusettsbA K Petersc1994 ax, 261p. aNuclear astrophysics aStars evolution aStellar evolution